[Event "WA Open"]
[Site "?"]
[Date "2007.05.28"]
[Round "5"]
[White "Bartron, Paul"]
[Black "Cloy, Elston"]
[Result "1-0"]
[WhiteElo "2123"]
[BlackElo "1942"]
[PlyCount "85"]
[EventDate "2007.05.??"]
[SourceDate "2007.05.26"]

1. d4 Nf6 2. Nf3 g6 3. g3 Bg7 4. Bg2 O-O 5. O-O d6 6. c4 c5 7. Nc3 Nc6 8. d5
Na5 9. Nd2 a6 10. Rb1 Ng4 11. Qc2 b5 12. cxb5 axb5 13. Nxb5 Ba6 14. Nc3 Ne5 15.
b3 Rb8 16. Re1 Qd7 17. h3 Qa7 18. Kh2 Rfc8 19. Nf3 Nb7 20. Nxe5 Bxe5 21. Be3
Bd4 22. Qd2 Bxe3 23. Qxe3 Na5 24. Ne4 Qd7 25. Qh6 f6 26. h4 Qf5 27. Qe3 Rb4 28.
Nd2 Qe5 29. Qxe5 fxe5 30. a3 Rd4 31. Nf3 Rxd5 32. Bh3 Kf7 33. Ng5+ Kf6 34. Bxc8
Bxc8 35. b4 Nc4 36. bxc5 Rxc5 37. Ne4+ Ke6 38. Nxc5+ dxc5 39. Rb8 Bd7 40. Rc1
Nxa3 41. Rb6+ Kf7 42. Rxc5 e4 43. Rb3 1-0

[Event "WA Open"]
[Site "?"]
[Date "2007.05.26"]
[Round "1"]
[White "Bartron, Paul"]
[Black "Jiang, Louie"]
[Result "1/2-1/2"]
[WhiteElo "2123"]
[BlackElo "2076"]
[PlyCount "133"]
[EventDate "2007.05.??"]
[SourceDate "2007.05.26"]

1. e4 c5 2. Nf3 d6 3. d4 cxd4 4. Nxd4 Nf6 5. Nc3 g6 6. Be3 Bg7 7. Be2 O-O 8.
O-O Nc6 9. h3 Bd7 10. Qd2 Rc8 11. Nb3 a6 12. f4 b5 13. Bf3 Na5 14. Nxa5 Qxa5
15. a3 Qc7 16. Rfd1 Rfd8 17. Qf2 Rb8 18. Ba7 Rb7 19. e5 Rxa7 20. exf6 Bxf6 21.
Nd5 Qc5 22. Nxf6+ exf6 23. Rxd6 Rc8 24. Qxc5 Rxc5 25. c3 Be6 26. Rad1 Rc4 27.
Rb6 Rxf4 28. Rdd6 Bxh3 29. Rxa6 Rxa6 30. Rxa6 Be6 31. Be2 Bc4 32. Bxc4 bxc4 33.
Ra8+ Kg7 34. a4 Re4 35. Kf2 Re7 36. Rb8 f5 37. Rb4 Rd7 38. Ke2 Re7+ 39. Kf1 Rc7
40. a5 Ra7 41. Rxc4 Rxa5 42. b4 Rb5 43. Rc6 Kf8 44. Ke2 g5 45. Ra6 Ke7 46. Rh6
f4 47. Rxh7 Ke6 48. Rh8 Kf5 49. Ra8 Ke4 50. Re8+ Kf5 51. Kf2 f6 52. Ra8 Ke4 53.
Ke2 g4 54. Rg8 f5 55. Re8+ Re5 56. Rd8 Rd5 57. Re8+ Re5 58. Rc8 f3+ 59. gxf3+
gxf3+ 60. Kf2 Kf4 61. b5 Re2+ 62. Kf1 Rb2 63. c4 Ke3 64. Re8+ Kd4 65. Rf8 Kxc4
66. Rxf5 Rxb5 67. Rxf3 1/2-1/2

[Event "WA Open"]
[Site "?"]
[Date "2007.05.26"]
[Round "2"]
[White "Bragg, David"]
[Black "Julian, John"]
[Result "1-0"]
[WhiteElo "2202"]
[BlackElo "1988"]
[PlyCount "39"]
[EventDate "2007.05.??"]
[SourceDate "2007.05.26"]

1. e4 e6 2. d4 d5 3. Nc3 Nf6 4. Bg5 Be7 5. e5 Nfd7 6. h4 Nc6 7. Nf3 a6 8. Qd2
b5 9. Bd3 Nb6 10. Bxe7 Qxe7 11. Qg5 f6 12. Qh5+ Qf7 13. Qxf7+ Kxf7 14. O-O-O
Bd7 15. h5 f5 16. g4 g6 17. Ne2 fxg4 18. Ng5+ Ke7 19. hxg6 hxg6 20. Nf4 1-0

[Event "WA Open"]
[Site "?"]
[Date "2007.05.27"]
[Round "4"]
[White "Calpo, Benjamin"]
[Black "Sinanan, Josh"]
[Result "0-1"]
[WhiteElo "2007"]
[BlackElo "2108"]
[PlyCount "72"]
[EventDate "2007.05.??"]
[SourceDate "2007.05.26"]

1. e4 c5 2. Nf3 e6 3. d4 cxd4 4. Nxd4 Nc6 5. Nb5 d6 6. c4 a6 7. N5a3 Nf6 8. Nc3
Be7 9. Be2 O-O 10. Be3 b6 11. O-O Bb7 12. f3 Ne5 13. Rc1 Qc7 14. Qe1 Ned7 15.
Qg3 Rfe8 16. Bd3 Rac8 17. Qh3 Ne5 18. Bb1 Nxc4 19. Nxc4 Qxc4 20. Nd5 Qe2 21.
Rxc8 Bxc8 22. Nxe7+ Rxe7 23. Bd4 Rc7 24. Bxb6 e5 25. Qg3 Rb7 26. Re1 Qxb2 27.
Be3 Be6 28. Bh6 Ne8 29. f4 Kf8 30. f5 Bxa2 31. Bxa2 Qxa2 32. Bc1 Rb1 33. Qd3
Qb3 34. Qd2 Qb6+ 35. Kf1 Qc5 36. h3 Nf6 0-1

[Event "WA Open"]
[Site "?"]
[Date "2007.05.27"]
[Round "4"]
[White "Cloy, Elston"]
[Black "Hosford, Michael"]
[Result "1-0"]
[WhiteElo "1942"]
[BlackElo "1800"]
[PlyCount "69"]
[EventDate "2007.05.??"]
[SourceDate "2007.05.26"]

1. e4 Nc6 2. Nf3 e6 3. d4 d5 4. e5 f6 5. Be2 fxe5 6. dxe5 Bc5 7. c3 Nge7 8. b4
Bb6 9. a4 a6 10. Bg5 O-O 11. O-O Qe8 12. Bxe7 Qxe7 13. Nbd2 Bd7 14. Bd3 Rf7 15.
Qe2 Raf8 16. b5 axb5 17. axb5 Na5 18. Ra4 Rf4 19. Rfa1 Rxa4 20. Rxa4 c5 21. Rh4
g6 22. c4 Bd8 23. Rg4 Qg7 24. h4 Qh6 25. Ng5 Bxg5 26. hxg5 Qg7 27. Nf3 d4 28.
Nd2 b6 29. Ne4 Kf7 30. Nf6 Bc8 31. Rh4 Rh8 32. Rh6 Bb7 33. Qg4 Ke7 34. Qh4 Nb3
35. Bxg6 1-0

[Event "WA Open"]
[Site "?"]
[Date "2007.05.26"]
[Round "2"]
[White "Collyer, Curt"]
[Black "Chen, Howard"]
[Result "1-0"]
[WhiteElo "2206"]
[BlackElo "1923"]
[PlyCount "83"]
[EventDate "2007.05.??"]
[SourceDate "2007.05.26"]

1. d4 Nf6 2. c4 Nc6 3. Nf3 e6 4. a3 d6 5. e3 g6 6. b4 Bg7 7. Be2 O-O 8. O-O a5
9. b5 Nb8 10. Qc2 Nbd7 11. Rd1 Qe7 12. Nc3 Re8 13. Bb2 e5 14. Rac1 e4 15. Nd2
b6 16. Na4 Bf8 17. c5 dxc5 18. dxc5 Qe6 19. c6 Nc5 20. Nxc5 Bxc5 21. Bxf6 Qxf6
22. Nxe4 Rxe4 23. Qxe4 Bf5 24. Qa4 Qb2 25. Rxc5 bxc5 26. Bf1 c4 27. Qxc4 Qxa3
28. Qf4 Qe7 29. Ra1 Be6 30. Qe5 a4 31. Bc4 a3 32. Bxe6 fxe6 33. h3 a2 34. Qb2
Qa3 35. Qf6 Qb3 36. Kh2 Rf8 37. Qe5 Rxf2 38. Qxc7 Qb2 39. Qd8+ Kg7 40. Qd4+
Qxd4 41. exd4 Rc2 42. Rxa2 1-0

[Event "WA Open"]
[Site "?"]
[Date "2007.05.28"]
[Round "5"]
[White "Countryman, Zachary"]
[Black "Calpo, Benjamin"]
[Result "1-0"]
[WhiteElo "1742"]
[BlackElo "2007"]
[PlyCount "121"]
[EventDate "2007.05.??"]
[SourceDate "2007.05.26"]

1. e4 c5 2. Nf3 d6 3. Bb5+ Nc6 4. Bxc6+ bxc6 5. O-O e5 6. c4 Nf6 7. Nc3 g6 8.
d3 Rb8 9. b3 Bg7 10. Bb2 O-O 11. Nd2 Nh5 12. Ne2 Bg4 13. f3 Be6 14. Rf2 a5 15.
Nc3 Nf4 16. Qf1 Bf6 17. Kh1 g5 18. Nd1 h5 19. Ne3 Qd7 20. Rd1 Kg7 21. Nb1 Rh8
22. g3 Bh3 23. Qg1 Ng6 24. g4 hxg4 25. Nf5+ Kf8 26. fxg4 Nf4 27. Nc3 Bd8 28.
Rdd2 Rb7 29. Nd1 f6 30. Nde3 Qe6 31. Ba3 Rbh7 32. Qd1 Kf7 33. Qc2 Bc7 34. Qd1
Qc8 35. Qc2 Qa6 36. Bb2 Ke6 37. Qd1 Bb6 38. Ba1 Rb7 39. Rb2 Rhb8 40. Rb1 Bc7
41. Bc3 a4 42. Rfb2 Ba5 43. Be1 Bxe1 44. Qxe1 Nxd3 45. Qd2 Nxb2 46. Qxd6+ Kf7
47. Nd5 cxd5 48. Qxa6 Kg6 49. Rxb2 dxc4 50. Qxc4 Rd7 51. Ne3 Rd4 52. Qxc5 Rbd8
53. Kg1 axb3 54. axb3 Ra8 55. Kf2 Ra1 56. Qc8 Kh7 57. Qc7+ Kg8 58. Qc8+ Kh7 59.
Rc2 Ra7 60. Rc7+ Rxc7 61. Qxc7+ 1-0

[Event "WA Open"]
[Site "?"]
[Date "2007.05.26"]
[Round "2"]
[White "Daroza, Eduardo"]
[Black "Levine, David"]
[Result "1/2-1/2"]
[WhiteElo "2050"]
[BlackElo "2208"]
[PlyCount "59"]
[EventDate "2007.05.??"]
[SourceDate "2007.05.26"]

1. Nf3 d5 2. c4 e6 3. g3 Nf6 4. Bg2 c5 5. cxd5 exd5 6. d4 Nc6 7. O-O Be7 8. Nc3
O-O 9. Be3 cxd4 10. Nxd4 Re8 11. Rc1 Bg4 12. Re1 Qd7 13. Nxc6 bxc6 14. Na4 Rab8
15. a3 Bd6 16. Bd4 Be5 17. Bf3 h5 18. h4 Rbc8 19. Rc3 Bf5 20. Nc5 Qd6 21. Bg2
Rc7 22. b4 Rce7 23. Nb3 Ng4 24. Bxe5 Rxe5 25. Nd4 Bd7 26. Qc2 Qf6 27. Rf3 Qd8
28. Rc3 Qf6 29. Rf3 Qe7 30. Rc3 1/2-1/2

[Event "WA Open"]
[Site "?"]
[Date "2007.05.26"]
[Round "2"]
[White "Ellinger, David"]
[Black "Countryman, Zachary"]
[Result "1/2-1/2"]
[WhiteElo "1980"]
[BlackElo "1742"]
[PlyCount "58"]
[EventDate "2007.05.??"]
[SourceDate "2007.05.26"]

1. d4 Nf6 2. c4 g6 3. Nc3 Bg7 4. e4 d6 5. Nf3 O-O 6. Be2 c5 7. d5 e6 8. dxe6
Bxe6 9. O-O a6 10. Bf4 Ne8 11. e5 Nc6 12. exd6 Nd4 13. Nxd4 Bxd4 14. Ne4 f5 15.
Ng5 Bc8 16. Bf3 Nxd6 17. Bd5+ Kg7 18. Qf3 h6 19. Ne6+ Bxe6 20. Bxe6 Ra7 21. Qd5
Ne4 22. Be5+ Nf6 23. Bxd4 cxd4 24. Qxd8 Rxd8 25. Rad1 b6 26. g3 Re7 27. Bd5
Nxd5 28. Rxd4 Red7 29. cxd5 Rxd5 1/2-1/2

[Event "WA Open"]
[Site "?"]
[Date "2007.05.26"]
[Round "1"]
[White "Greninger, Harley"]
[Black "Gutman, Richard"]
[Result "1-0"]
[WhiteElo "2256"]
[BlackElo "2005"]
[PlyCount "73"]
[EventDate "2007.05.??"]
[SourceDate "2007.05.26"]

1. d4 g6 2. Nf3 Bg7 3. e4 c5 4. c3 cxd4 5. cxd4 d5 6. e5 Nc6 7. Nc3 Nh6 8. Be2
Bg4 9. O-O e6 10. Bg5 Qa5 11. a3 Bxf3 12. Bxf3 Nf5 13. b4 Qb6 14. Bxd5 Qxd4 15.
Bxc6+ bxc6 16. Qxd4 Nxd4 17. f4 h6 18. Bh4 a5 19. Bf2 Nb3 20. Rad1 O-O 21. Rd6
axb4 22. axb4 Rfc8 23. Ne4 Bf8 24. Rd3 Na1 25. Nd6 Rcb8 26. Bc5 Ra2 27. Rc1
Rba8 28. Bd4 Nc2 29. Bc3 R8a3 30. Nc4 Nxb4 31. Rd8 Nd5 32. Nxa3 Rxa3 33. Bd4
Kg7 34. Rxf8 Nxf4 35. Rc2 Rd3 36. Bc5 Rd5 37. Rc8 1-0

[Event "WA Open"]
[Site "?"]
[Date "2007.05.27"]
[Round "3"]
[White "Greninger, Harley"]
[Black "Lee, Michael"]
[Result "1/2-1/2"]
[WhiteElo "2256"]
[BlackElo "2239"]
[PlyCount "73"]
[EventDate "2007.05.??"]
[SourceDate "2007.05.26"]

1. d4 Nf6 2. Nf3 g6 3. Nc3 d5 4. Bf4 Bg7 5. e3 O-O 6. Be2 c5 7. Ne5 Nc6 8. O-O
Bf5 9. Bf3 cxd4 10. exd4 Rc8 11. Nxc6 bxc6 12. Re1 Re8 13. Be2 Qa5 14. a3 Nd7
15. b4 Qb6 16. Be3 Qc7 17. g4 Be6 18. Qd2 Nb6 19. f3 Qd7 20. Rad1 f6 21. Bf2
Bf7 22. Ba6 Rb8 23. Bg3 e5 24. Qf2 Rbd8 25. dxe5 fxe5 26. Ne4 Qc7 27. Nc5 Nd7
28. Bf1 Nxc5 29. Qxc5 Qb6 30. Bf2 d4 31. Qxb6 axb6 32. Bd3 Ra8 33. Be4 Rec8 34.
f4 Rxa3 35. fxe5 c5 36. bxc5 bxc5 37. Bb7 {here the moves were not recorded
until after the time control. Draw agreed on about move 50.} 1/2-1/2

[Event "WA Open"]
[Site "?"]
[Date "2007.05.28"]
[Round "5"]
[White "Greninger, Harley"]
[Black "Pupols, Viktors"]
[Result "1-0"]
[WhiteElo "2256"]
[BlackElo "2230"]
[PlyCount "65"]
[EventDate "2007.05.??"]
[SourceDate "2007.05.26"]

1. d4 d5 2. c4 e6 3. Nc3 Nf6 4. cxd5 exd5 5. Bg5 Be7 6. e3 h6 7. Bh4 O-O 8. Bd3
c6 9. Qc2 a5 10. Nge2 Re8 11. O-O Nh5 12. Bxe7 Qxe7 13. Rfc1 Nd7 14. Na4 g6 15.
a3 Nhf6 16. Nf4 Ne4 17. Bxe4 Qxe4 18. Qxe4 Rxe4 19. b4 axb4 20. axb4 Re8 21. b5
Nf8 22. bxc6 bxc6 23. Nc5 Bf5 24. Rxa8 Rxa8 25. h3 Rb8 26. Nfd3 f6 27. Ra1 Bxd3
28. Nxd3 Rb6 29. Nc5 g5 30. Ra8 Kg7 31. Ra7+ Kg8 32. Kh2 f5 33. Ra8 1-0

[Event "WA Open"]
[Site "?"]
[Date "2007.05.26"]
[Round "2"]
[White "Gutman, Richard"]
[Black "Hosford, Michael"]
[Result "1-0"]
[WhiteElo "2005"]
[BlackElo "1800"]
[PlyCount "47"]
[EventDate "2007.05.??"]
[SourceDate "2007.05.26"]

1. Nf3 Nf6 2. c4 Nc6 3. d4 e6 4. a3 d6 5. Nc3 g6 6. Bg5 Bg7 7. e3 h6 8. Bh4 g5
9. Bg3 Nh5 10. Bd3 Nxg3 11. hxg3 e5 12. d5 Ne7 13. Bc2 Bg4 14. Qd2 O-O 15. Nxg5
Nxd5 16. Qd3 Nf6 17. Nh7 Re8 18. Nxf6+ Qxf6 19. Qh7+ Kf8 20. Nd5 Qd8 21. Rxh6
c6 22. Nc3 Qg5 23. Rxd6 f5 24. Qh4 1-0

[Event "WA Open"]
[Site "?"]
[Date "2007.05.27"]
[Round "?"]
[White "Gutman, Richard"]
[Black "Wilson, Matthew"]
[Result "1-0"]
[WhiteElo "2005"]
[BlackElo "1836"]
[PlyCount "67"]
[EventDate "2007.05.??"]
[SourceDate "2007.05.26"]

1. Nf3 Nf6 2. c4 c5 3. Nc3 e6 4. g3 b6 5. Bg2 Bb7 6. d4 cxd4 7. Qxd4 Be7 8. O-O
d6 9. Rd1 a6 10. Nd2 Bxg2 11. Kxg2 Nc6 12. Qf4 Qc7 13. Nde4 Nxe4 14. Nxe4 Rd8
15. b3 O-O 16. Ba3 e5 17. Qd2 d5 18. Bxe7 Nxe7 19. cxd5 Nxd5 20. Rac1 Qb7 21.
Kg1 h6 22. f3 Qe7 23. Nf2 Rd7 24. Qd3 b5 25. e4 Nf6 26. Qc3 Rfd8 27. Rxd7 Qxd7
28. Qxe5 Rc8 29. Rxc8+ Qxc8 30. Qd6 a5 31. Qb6 Qc1+ 32. Kg2 Qa3 33. e5 Nd5 34.
Qd8+ 1-0

[Event "WA Open"]
[Site "?"]
[Date "2007.05.26"]
[Round "1"]
[White "Hosford, Michael"]
[Black "Sinanan, Josh"]
[Result "0-1"]
[WhiteElo "1800"]
[BlackElo "2108"]
[PlyCount "38"]
[EventDate "2007.05.??"]
[SourceDate "2007.05.26"]

1. e4 c5 2. Nf3 e6 3. d3 Nc6 4. g3 g6 5. Bg2 Bg7 6. O-O Nge7 7. Nbd2 O-O 8. c3
d5 9. Qe2 b6 10. Re1 a5 11. a4 Ba6 12. e5 Qb8 13. c4 Nb4 14. Nb1 Ra7 15. Nc3
Rd7 16. Bg5 Nec6 17. Nb5 h6 18. Bf6 Bxf6 19. exf6 Qd8 0-1

[Event "WA Open"]
[Site "?"]
[Date "2007.05.26"]
[Round "2"]
[White "Jiang, Louie"]
[Black "Kalina, Chris"]
[Result "1-0"]
[WhiteElo "2076"]
[BlackElo "1957"]
[PlyCount "73"]
[EventDate "2007.05.??"]
[SourceDate "2007.05.26"]

1. e4 c5 2. Nf3 d6 3. d4 cxd4 4. Nxd4 Nf6 5. Nc3 g6 6. Be3 Bg7 7. f3 O-O 8. Qd2
Nc6 9. O-O-O d5 10. exd5 Nxd5 11. Nxc6 bxc6 12. Nxd5 cxd5 13. Qxd5 Qc7 14. Qc5
Qb7 15. Qa3 Rb8 16. b3 Bf5 17. Bd3 Be6 18. h4 a5 19. Be4 Qc7 20. Qc5 Qxc5 21.
Bxc5 Rfc8 22. Bd4 Bh6+ 23. Kb1 a4 24. Bb2 axb3 25. axb3 Rb5 26. Rhe1 Bf4 27. g4
Bg3 28. Rh1 Rcb8 29. Bc3 f6 30. h5 g5 31. Kb2 h6 32. Ra1 Be5 33. Bxe5 Rxe5 34.
Rhe1 Rd8 35. Bd3 Rxe1 36. Rxe1 Bd5 37. Rd1 1-0

[Event "WA Open"]
[Site "?"]
[Date "2007.05.28"]
[Round "6"]
[White "Jiang, Louie"]
[Black "Li, Chang He"]
[Result "1/2-1/2"]
[WhiteElo "2076"]
[BlackElo "1895"]
[PlyCount "152"]
[EventDate "2007.05.??"]
[SourceDate "2007.05.26"]

1. e4 c5 2. Nf3 e6 3. d4 cxd4 4. Nxd4 a6 5. Bd3 Bc5 6. Nb3 Be7 7. Be3 Nc6 8.
O-O Nf6 9. c4 Qc7 10. N1d2 O-O 11. Rc1 d6 12. Qe2 b6 13. Rfd1 Bb7 14. f3 Rac8
15. Nd4 Bd8 16. Nxc6 Bxc6 17. b4 Qb8 18. c5 dxc5 19. Bxa6 Bb7 20. Bxb7 Qxb7 21.
bxc5 bxc5 22. Rxc5 Bb6 23. Rxc8 Bxe3+ 24. Qxe3 Rxc8 25. Nb3 h6 26. g3 Qa6 27.
Rd2 Qb5 28. Qd3 Qc6 29. Kg2 Ne8 30. Qd7 Qc3 31. Qd4 Qc6 32. Qb4 Ra8 33. Qe7 Nf6
34. Rd8+ Rxd8 35. Qxd8+ Kh7 36. Qd3 Kg8 37. Nd2 Nd7 38. Qc4 Qd6 39. Qc8+ Kh7
40. Qc2 Qd4 41. Nb3 Qa7 42. Nc1 Nc5 43. Ne2 Na4 44. Nf4 Nc5 45. Nh3 Qa5 46. Nf2
Qa3 47. Qc4 Qa5 48. Qc1 Na6 49. Qb2 Nc5 50. a3 Qa6 51. Qc3 Qb6 52. Nd3 Nxd3 53.
Qxd3 Qa5 54. Qd6 Qa4 55. Qf8 Qd7 56. Qc5 Qd1 57. Qe3 Qc2+ 58. Kh3 Qd1 59. Qf2
Qb3 60. e5 Qxa3 61. Qc2+ Kg8 62. Qe4 Qa1 63. Kg2 Qb2+ 64. Kg1 Qa1+ 65. Kf2 Qb2+
66. Qe2 Qd4+ 67. Qe3 Qb2+ 68. Qe2 Qd4+ 69. Kf1 Qa1+ 70. Kg2 Qd4 71. Qb5 Qd2+
72. Kg1 Qe3+ 73. Kg2 Qd2+ 74. Kg1 Qe3+ 75. Kg2 Qd2+ 76. Kg1 Qe3+ 1/2-1/2

[Event "WA Open"]
[Site "?"]
[Date "2007.05.27"]
[Round "4"]
[White "Jiang, Louie"]
[Black "Van Weerdhuizen, Lane"]
[Result "1-0"]
[WhiteElo "2076"]
[BlackElo "1724"]
[PlyCount "107"]
[EventDate "2007.05.??"]
[SourceDate "2007.05.26"]

1. e4 e6 2. d4 d5 3. Nc3 Nf6 4. e5 Nfd7 5. f4 c5 6. Nf3 Nc6 7. Be3 Qb6 8. Qd2
f6 9. exf6 Nxf6 10. O-O-O c4 11. Bxc4 dxc4 12. d5 Qa5 13. dxc6 bxc6 14. Ne5 Qc7
15. Nxc4 Nd5 16. Nxd5 cxd5 17. Ne5 Bd6 18. Kb1 O-O 19. Bd4 Rb8 20. Rhe1 Bb4 21.
c3 Ba3 22. Nd3 Ba6 23. b3 Qc4 24. Nb2 Bxb2 25. Qxb2 Qc6 26. Re3 Rb7 27. g3 Rc7
28. Rde1 Bc8 29. h4 a5 30. h5 Qe8 31. Re5 g6 32. Qc2 a4 33. b4 Qb5 34. hxg6 h6
35. Rh5 Rc4 36. a3 Rxd4 37. cxd4 Kg7 38. Reh1 Rh8 39. Kb2 Bd7 40. g4 Rc8 41.
Qd2 Qc4 42. R5h3 e5 43. Rc3 Qxc3+ 44. Qxc3 Rxc3 45. Kxc3 e4 46. f5 Bb5 47. g5
hxg5 48. Rh7+ Kg8 49. f6 g4 50. f7+ Kf8 51. Rh8+ Kg7 52. f8=Q+ Kxg6 53. Rh6+
Kg5 54. Qf6# 1-0

[Event "WA Open"]
[Site "?"]
[Date "2007.05.28"]
[Round "5"]
[White "Julian, John"]
[Black "Oszvald, Joseph"]
[Result "1-0"]
[WhiteElo "1988"]
[BlackElo "2074"]
[PlyCount "89"]
[EventDate "2007.05.??"]
[SourceDate "2007.05.26"]

1. d4 g6 2. e4 Bg7 3. Nf3 c5 4. Nc3 cxd4 5. Nxd4 Nc6 6. Be3 d6 7. Qd2 h5 8. Be2
Nf6 9. h3 Bd7 10. O-O Rc8 11. f4 Qc7 12. Rad1 a6 13. Nf3 O-O 14. Qe1 b5 15. a3
Be6 16. f5 Bc4 17. Bxc4 bxc4 18. fxg6 fxg6 19. Qg3 d5 20. Qxc7 Rxc7 21. exd5
Nd8 22. Ne5 Kh7 23. g4 Nb7 24. Bb6 Rcc8 25. g5 Ne8 26. Rxf8 Bxf8 27. Rf1 Ned6
28. Nc6 Nf5 29. Re1 Nbd6 30. a4 Bg7 31. Re6 Re8 32. Ne4 Nxe4 33. Rxe4 Bxb2 34.
Rxc4 Bc1 35. Re4 Bxg5 36. Bc5 Rf8 37. Bf2 Nd6 38. Re6 Nf5 39. c4 Bf6 40. c5 Kg7
41. Ne5 Rd8 42. c6 Rxd5 43. c7 Rd1+ 44. Kg2 Rc1 45. Nc6 1-0

[Event "WA Open"]
[Site "?"]
[Date "2007.05.26"]
[Round "1"]
[White "Kalina, Chris"]
[Black "Collyer, Curt"]
[Result "1/2-1/2"]
[WhiteElo "1957"]
[BlackElo "2206"]
[PlyCount "137"]
[EventDate "2007.05.??"]
[SourceDate "2007.05.26"]

1. d4 d5 2. c4 c6 3. Nc3 Nf6 4. cxd5 cxd5 5. Bg5 e6 6. Nf3 Be7 7. e3 O-O 8. Bd3
a6 9. O-O b5 10. a3 Bb7 11. Qc2 h6 12. Bh4 Nbd7 13. Rfc1 Bd6 14. Nd2 Qb8 15.
Bg3 Rc8 16. b4 e5 17. Nb3 e4 18. Be2 Nb6 19. Nc5 Bxg3 20. hxg3 Bc6 21. Rcb1 Qd6
22. a4 Nc4 23. axb5 axb5 24. Qc1 Qe7 25. Rxa8 Rxa8 26. Ra1 Qe8 27. Qb1 Qb8 28.
Ra2 Kf8 29. Qa1 Rxa2 30. Qxa2 Qb6 31. Qa6 Qxa6 32. Nxa6 Ke7 33. Nc7 Nd6 34.
N7xb5 Bxb5 35. Nxb5 Nxb5 36. Bxb5 Kd6 37. Kf1 Kc7 38. Ke1 Kb6 39. Be2 Nd7 40.
Kd2 Nb8 41. Kc3 Nc6 42. Kb3 g6 43. Ka4 Na7 44. Bf1 h5 45. Be2 Nc8 46. Bd1 Nd6
47. Be2 Nc8 48. b5 Nd6 49. Kb4 f6 50. Ka4 g5 51. Kb4 h4 52. gxh4 gxh4 53. Ka4
f5 54. Kb4 Ne8 55. Bh5 Nd6 56. Bg6 Nxb5 57. Bxf5 Nd6 58. Be6 Kc6 59. Bg4 Ne8
60. Bd1 Nf6 61. Ka5 Nh7 62. Ba4+ Kc7 63. Bd1 Kc6 64. Bg4 Nf6 65. Bf5 Ne8 66.
Bg4 Nf6 67. Bh3 Ne8 68. g3 hxg3 69. fxg3 1/2-1/2

[Event "WA Open"]
[Site "?"]
[Date "2007.05.27"]
[Round "3"]
[White "Kolde, Sterling"]
[Black "Cloy, Elston"]
[Result "1/2-1/2"]
[WhiteElo "1842"]
[BlackElo "1942"]
[Annotator "Harrison"]
[PlyCount "37"]
[EventDate "2007.05.??"]
[SourceDate "2007.05.26"]

1. e4 e5 2. Nf3 Nc6 3. Bb5 a6 4. Ba4 Nf6 5. O-O Be7 6. Re1 b5 7. Bb3 d6 8. c3
O-O 9. h3 Bb7 10. d4 Re8 11. Ng5 Rf8 12. Nf3 Re8 13. Nbd2 Bf8 14. a4 h6 15. Bc2
exd4 16. cxd4 Nb4 17. Bb1 c5 18. d5 Nd7 19. Ra3 {Diagram # and the players,
having successfully passed their examinations with each other, agreed to a
draw.} 1/2-1/2

[Event "WA Open"]
[Site "?"]
[Date "2007.05.27"]
[Round "4"]
[White "Kolde, Sterling"]
[Black "Perez, Juan"]
[Result "0-1"]
[WhiteElo "1842"]
[BlackElo "1687"]
[PlyCount "70"]
[EventDate "2007.05.??"]
[SourceDate "2007.05.26"]

1. e4 e6 2. d4 d5 3. Nc3 Bb4 4. e5 Qd7 5. Bd2 b6 6. f4 Ba6 7. Bxa6 Nxa6 8. a3
Bxc3 9. Bxc3 Ne7 10. Qd3 Nb8 11. Bb4 Nbc6 12. Nf3 Nxb4 13. axb4 Nc6 14. c3 a5
15. O-O O-O 16. Ng5 g6 17. Qh3 f5 18. bxa5 Nxa5 19. Qh6 Nc4 20. Rxa8 Rxa8 21.
h4 Ne3 22. Nf3 Nxf1 23. Kxf1 Qg7 24. Qg5 h6 25. Qg3 Ra1+ 26. Ke2 Ra2 27. Kd3
Rxb2 28. h5 gxh5 29. Qh4 Qf7 30. Qd8+ Kh7 31. g3 Rg2 32. Qh4 Qe8 33. Nd2 c5 34.
Qh3 Qb5+ 35. Ke3 Qe2# 0-1

[Event "WA Open"]
[Site "?"]
[Date "2007.05.26"]
[Round "2"]
[White "Lee, Michael"]
[Black "Rupel, David"]
[Result "1-0"]
[WhiteElo "2239"]
[BlackElo "2063"]
[PlyCount "51"]
[EventDate "2007.05.??"]
[SourceDate "2007.05.26"]

1. c4 Nf6 2. Nc3 c5 3. g3 e6 4. Nf3 b6 5. Bg2 Bb7 6. O-O Be7 7. d4 cxd4 8. Qxd4
Nc6 9. Qd2 O-O 10. Rd1 a6 11. b3 Bb4 12. Bb2 Ne4 13. Qxd7 Nxc3 14. Bxc3 Qxd7
15. Rxd7 Bxc3 16. Rc1 Rad8 17. Rxb7 Nd4 18. Kf1 Nxf3 19. Bxf3 Bd4 20. b4 a5 21.
e3 Bb2 22. Rc2 Ba3 23. bxa5 bxa5 24. c5 Rc8 25. c6 Bd6 26. Ra7 {
And the remaining moves were indecipherable. 1-0 on move 27 or 28.} 1-0

[Event "WA Open"]
[Site "?"]
[Date "2007.05.26"]
[Round "1"]
[White "Levine, David"]
[Black "Ellinger, David"]
[Result "1-0"]
[WhiteElo "2208"]
[BlackElo "1980"]
[PlyCount "47"]
[EventDate "2007.05.??"]
[SourceDate "2007.05.26"]

1. e4 e6 2. d4 d5 3. Nc3 Bb4 4. e5 c5 5. a3 Bxc3+ 6. bxc3 Qc7 7. Nf3 b6 8. Bb5+
Bd7 9. Bd3 Ba4 10. O-O Nc6 11. Re1 Na5 12. Ng5 cxd4 13. Qh5 g6 14. Qf3 dxc3 15.
Rb1 Nc6 16. Qf4 b5 17. Bxb5 Bxb5 18. Rxb5 h6 19. Nf3 Nge7 20. h4 Qd7 21. Be3
Nf5 22. Reb1 Nxe3 23. Rb7 Qd8 24. Qxf7# 1-0

[Event "WA Open"]
[Site "?"]
[Date "2007.05.28"]
[Round "5"]
[White "Levine, David"]
[Black "Gutman, Richard"]
[Result "1-0"]
[WhiteElo "2208"]
[BlackElo "2005"]
[PlyCount "47"]
[EventDate "2007.05.??"]
[SourceDate "2007.05.26"]

1. e4 e5 2. Nf3 d6 3. d4 exd4 4. Nxd4 g6 5. Nc3 Bg7 6. Bc4 Nc6 7. Be3 Nf6 8. f3
O-O 9. Qd2 a6 10. a4 Na5 11. Ba2 c5 12. Nde2 Be6 13. Bg5 Qb6 14. O-O c4+ 15.
Be3 Qc7 16. Rad1 Rfd8 17. Nf4 Rab8 18. g4 b5 19. axb5 axb5 20. g5 b4 21. gxf6
bxc3 22. Qxc3 Bf8 23. b4 Nc6 24. Nxe6 1-0

[Event "WA Open"]
[Site "?"]
[Date "2007.05.27"]
[Round "3"]
[White "Levine, David"]
[Black "Jiang, Louie"]
[Result "1-0"]
[WhiteElo "2208"]
[BlackElo "2076"]
[PlyCount "125"]
[EventDate "2007.05.??"]
[SourceDate "2007.05.26"]

1. e4 c5 2. c3 d6 3. d4 cxd4 4. cxd4 Nf6 5. Nc3 g6 6. Nf3 Bg7 7. h3 O-O 8. Be3
Nc6 9. d5 Nb8 10. Be2 Re8 11. O-O e6 12. Qd2 exd5 13. exd5 Bf5 14. Bg5 Qa5 15.
Rfe1 a6 16. g4 Bd7 17. a3 Qb6 18. Be3 Qd8 19. Bd3 a5 20. Nd4 Na6 21. Ndb5 Bxb5
22. Bxb5 Re7 23. Bf4 Rxe1+ 24. Rxe1 Qc7 25. Bf1 Rd8 26. Rc1 Nc5 27. Qc2 Qb6 28.
Be3 Qb3 29. Qxb3 Nxb3 30. Rd1 Nd7 31. Na4 Ndc5 32. Nxc5 dxc5 33. Bc4 Nd4 34.
Kg2 h6 35. b4 b6 36. bxa5 bxa5 37. Rb1 Bf8 38. Rb7 Nc2 39. Bc1 Ne1+ 40. Kg3 g5
41. f4 gxf4+ 42. Bxf4 Nc2 43. a4 Na3 44. Ba2 c4 45. Rb8 Rxb8 46. Bxb8 Bc5 47.
Bf4 Kg7 48. Kf3 Kf6 49. Ke4 Bf8 50. Kd4 h5 51. Bxc4 hxg4 52. hxg4 Ke7 53. Bb3
Kd7 54. Bd1 Bb4 55. g5 Nb1 56. Kc4 Nc3 57. Bc2 Ne2 58. Bf5+ Kd8 59. Be5 Ng1 60.
d6 Ke8 61. Kd5 Ne2 62. Kc6 Bc3 63. d7+ 1-0

[Event "WA Open"]
[Site "?"]
[Date "2007.05.26"]
[Round "2"]
[White "Li, Chang He"]
[Black "Bartron, Paul"]
[Result "0-1"]
[WhiteElo "1895"]
[BlackElo "2123"]
[PlyCount "100"]
[EventDate "2007.05.??"]
[SourceDate "2007.05.26"]

1. e4 c5 2. Nf3 e6 3. d4 cxd4 4. Nxd4 Nf6 5. Nc3 Bb4 6. Ndb5 O-O 7. a3 Bxc3+ 8.
Nxc3 Nc6 9. Be2 a6 10. O-O Qc7 11. Kh1 b5 12. Be3 d6 13. f4 Bb7 14. Bf3 Na5 15.
Qd3 Nc4 16. Rab1 Rac8 17. Nd1 Rfd8 18. c3 e5 19. Qc2 Nxe3 20. Nxe3 exf4 21. Nd5
Bxd5 22. exd5 Re8 23. Rbe1 Re5 24. Rxe5 dxe5 25. Rd1 Qd6 26. Qe2 Re8 27. Be4 g6
28. a4 Rb8 29. axb5 axb5 30. b3 Nd7 31. c4 bxc4 32. Qxc4 f5 33. Qc6 Rb6 34.
Qxd6 Rxd6 35. Bd3 Kg7 36. Bc4 Nb6 37. Kg1 e4 38. Kf1 Kf6 39. Ke2 Ke5 40. Ra1
Nxd5 41. Ra5 Kd4 42. Ra1 Nc3+ 43. Kd2 e3+ 44. Kc2 Ne4 45. Ra4 Ke5 46. Ra5+ Kf6
47. Ra7 Rd2+ 48. Kc1 e2 49. Rf7+ Kg5 50. h4+ Kg4 0-1